Selected Writings On Art And Artists (Record no. 578778)

MARC details
000 -LEADER
fixed length control field 00873nam a22002177a 4500
008 - FIXED-LENGTH DATA ELEMENTS--GENERAL INFORMATION
fixed length control field 250806b |||||||| |||| 00| 0 eng d
020 ## - INTERNATIONAL STANDARD BOOK NUMBER
ISBN 9780521282871
Paper back/Hardbound pbk
041 ## - LANGUAGE CODE
Language code of text/sound track or separate title eng
082 ## - DEWEY DECIMAL CLASSIFICATION NUMBER
Classification number 700
Item number CHA
100 ## - MAIN ENTRY--AUTHOR NAME
Personal name Charvet, P. E.
245 ## - TITLE STATEMENT
Title Selected Writings On Art And Artists
Statement of responsibility, etc / P. E. Charvet,
250 ## - EDITION STATEMENT
Edition statement 1st ed.
260 ## - PUBLICATION, DISTRIBUTION, ETC. (IMPRINT)
Place of publication Cambridge
Name of publisher Cambridge University Press
Year of publication 1981
300 ## - PHYSICAL DESCRIPTION
Number of Pages 460 p.
Dimensions 20 cm.
500 ## - GENERAL NOTE
General note Spine title: Writings on art & artists
520 ## - SUMMARY, ETC.
Summary, etc Before publishing Les Fleurs du Mal in 1857, Baudelaire was probably better known to his contemporaries as a critic than as a poet, and the articles translated here by P. E. Charvet illustrate the development of Baudelaire's critical ideas. These essays cover the visual, literary, and musical arts.
650 ## - SUBJECT ADDED ENTRY--TOPICAL TERM
Topical Term Art
Topical Term Artists
942 ## - ADDED ENTRY ELEMENTS (KOHA)
Koha item type Reference
Holdings
Withdrawn status Lost status Damaged status Not for loan Home library Current library Shelving location Date acquired Cost, normal purchase price Full call number Accession Number Price effective from Koha item type
        Anna Centenary Library Anna Centenary Library 6TH FLOOR, B WING 23.08.2010 5005.00 700 CHA 232356 06.08.2025 Reference

Find us on the map